000 00350nam a2200145Ia 4500
008 240729s9999 xx 000 0 und d
022 _a2305-6320
245 0 _aMedicines
260 _aSwitzerland
260 _bMDPI AG
650 _aMedicine
856 _uhttps://doaj.org/toc/b8eca535d1ce431eb69cf881f4fdcac4
942 _2ddc
942 _cDOAJEJ
999 _c74279
_d74279
945 _a1
_bMadushi Gamage
_c1
_dMadushi Gamage